000 00243nam a22000857a 4500
008 161129b xxu||||| |||| 00| 0 eng d
100 _91536
_aPant,R, etal
245 _aModern trend in Communicative
260 _aNew Delhi
_bAngel International
_c2006
999 _c4266
_d4266